000 00386nam a2200133Ia 4500
008 231129s9999||||xx |||||||||||||| ||spa||
020 _a84-306-1228-9
040 _bspa
082 _a944.063 L433t
100 _aLe Goff Jacques
245 0 _aTiempo trabajo y cultura en el occidente medieval : 18 ensayos
264 _aTaurus
942 _2ddc
_cBKS
999 _c25375
_d25375